000 02128nam0a2200409 4500
001 RU\NLR\bibl\257158
005 20260407003800.0
010 _a5-94507-008-4
_9300
021 _aRU
_b2002-2017
_999
035 _a(NLR Aleph) 000252904
090 _a1475986
_c1475986
100 _a20020419d2001 |||y0rusy50 ca
101 0 _arus
102 _aRU
105 _aa |||||||||
200 1 _aНовые технологии в дерматовенерологии
_eСб. науч. тр., посвящ. 55-летию дерматовенерол. службы Челяб. обл.
_fАдминистрация Челяб. обл., Гл. упр. здравоохранения Челяб. обл. и др.
_gПод ред. Ю. И. Ковалева
210 _aЧелябинск
_cЧеляб. гос. мед. акад.
_d2001
215 _a187 с.
_cил.
_d30
300 _aВ надзаг. также: УНИИДВиИ Минздрава Рос. Федерации, Челяб. гос. мед. акад., Ассоц. врачей дерматовенерологов Челяб. обл.
606 0 _aКожно-венерологическая помощь
_jСборники
_yЧелябинская область
_92245900
_3RU\NLR\auth\661347387
606 0 _aДерматология
_jСборники
_91027884
_3RU\NLR\auth\6676170
606 0 _aВенерология
_jСборники
_91252445
_3RU\NLR\auth\66195867
610 0 _aДерматология
610 0 _aВенерология
675 _a616.97(082)
_v3
_zrus
686 _a76.29
_2rugasnti
686 _a55.81
_2rubbk
686 _aР11(2)285.8я43
686 _aР58-5я43
702 1 _aКовалев
_bЮ. И.
_4340
711 0 2 _aЧелябинская государственная медицинская академия
_3RU\NLR\AUTH\889994499
_9485723
801 0 _aRU
_bRKP
_c20020419
_gPSBO
801 1 _aRU
_bRKP
_c20020419
801 2 _aRU
_bNLR
_c20020605
_grcr
942 _cBOOK
980 _aNB